| 000 | 00892nas a2200301 4500 | ||
|---|---|---|---|
| 001 | BR0300103 | ||
| 003 | BR-BrBNA | ||
| 005 | 20231205103502.0 | ||
| 007 | ta | ||
| 008 | 230509b bl.|||p| |||| 00| 00por d | ||
| 040 |
_aBR-BrBNA _bpor _cBiblioteca Nacional de Agricultura |
||
| 041 | _a(Pt) | ||
| 072 | _aF02 | ||
| 100 | 1 | _aRibas, A.F. | |
| 100 | 1 | _aDenis, F. | |
| 100 | 1 | _aQuoirin, M. | |
| 100 | 1 | _aAyub, R.A. | |
| 245 | 1 | _aMisturas vitamínicas na regeneração do maracujazeiro amarelo (Passiflora edulis f. flavicarpa Deg.) | |
| 650 | _aMARACUJÁ | ||
| 650 | _aREGENERAÇÃO | ||
| 650 | _aCULTURA DE TECIDO | ||
| 650 | _aVITAMINA B | ||
| 650 | _aORGANOGÊNESE | ||
| 650 | _aPLANTA TRANSGÊNICA | ||
| 773 | 0 |
_tCiência Rural (Brazil) _xISSN 0103-8478 _g(Mar-Apr 2002), v. 32(2) p. 237-241 _wBR0300103 |
|
| 909 |
_a202311 _bLúcia _c55 _dLúcia Elande |
||
| 942 |
_2AGRIS _n0 _cANA |
||
| 999 |
_c173122 _d173122 |
||